Založenie bytového domu v stiesnených podmienkach v Bratislave

Enregistré dans:
Détails bibliographiques
Auteur principal: Lenhard, Matej (Auteur)
Autres auteurs: Súľovská, Monika (Directeur de thèse)
Format: Manuscrit Livre
Langue:slovaque
Publié: 2016
Sujets:
Accès en ligne:http://is.stuba.sk/zp/portal_zp.pl?podrobnosti=109329
https://opac.crzp.sk/?fn=detailBiblioForm&sid=A86BEDB9942C84EDDE9B348BE596
Tags: Ajouter un tag
Pas de tags, Soyez le premier à ajouter un tag!

MARC

LEADER 00000ntm a22000003a 4500
001 stuzp56311
003 SK-STU
005 20230927133017.9
007 ta
008 150427s2015----xo-----f-mn---000-0-slo-d
040 |a STU  |b slo 
041 0 |a slo 
100 1 |a Lenhard, Matej  |u 010150  |4 aut  |U SvF Stavebná fakulta  |T SvF Katedra geotechniky  |X 67348  |U V150  |Y 15  |7 A000067348 
242 0 1 |a Foundation of the apartment building in the cramped conditions in Bratislava  |y eng 
245 1 0 |a Založenie bytového domu v stiesnených podmienkach v Bratislave 
260 |c 2016 
650 4 |a podchytávanie  |2 slo 
650 4 |a stavebná jama  |2 slo 
650 4 |a zakladanie  |2 slo 
650 4 |a foundation slab  |2 eng 
650 4 |a foundation pit  |2 eng 
650 4 |a sheeting  |2 eng 
700 1 |a Súľovská, Monika  |u 010150  |k Z1  |4 ths  |U SvF Stavebná fakulta  |T SvF Katedra geotechniky  |X 700  |U V150  |Y 15  |7 A000000700 
856 4 |u http://is.stuba.sk/zp/portal_zp.pl?podrobnosti=109329 
856 4 |u https://opac.crzp.sk/?fn=detailBiblioForm&sid=A86BEDB9942C84EDDE9B348BE596 
SQL |a stuzp56311  |b DDP  |c SLO  |d Založenie bytového domu v stiesnených podmienkach v Bratislave  |e 67348  |f Lenhard, Matej  |g 010150  |h 700  |i Súľovská, Monika  |j 20160614  |k 945  |l 01  |m http://is.stuba.sk/zp/portal_zp.pl?podrobnosti=109329  |n I-NKS  |o 5.1.5. inžinierske konštrukcie a dopravné stavby